000 01271naa a22003377a 4500
001 BR7804772
003 BR-BrBNA
005 20240918174141.0
007 ta
008 230509b bl.||||| |||| 00| 0 por d
040 _aBR-BrBNA
_bpor
_cBiblioteca Nacional de Agricultura
041 _a(Pt)
072 _aF00
_b0170
_bG514
090 _aF00 BR7804772
100 1 _aBertholdi, R.E.
100 1 _aRaupp, A.A.A.
100 1 _aSilva, A.E.P. da
100 1 _aJunior, P.S.
100 1 _aSilva, L.C.M. da
111 1 _a23. Reuniao Tecnica Anual do Milho; 7. Reuniao do Sorgo Granifero
_cPorto Alegre, RS (Brazil)
_d7 Aug 1978
245 1 _aEnsaio sul-riograndense de sorgo granifero 1977/78 [Sorghum bicolor; Rendimento; Rio Grande do Sul; Brasil]
260 3 _aPelotas, RS (Brasil):
_c1978.
500 _aResultados de pesquisa com sorgo na regiao sudeste do Rio Grande do Sul Pelotas, RS (Brasil): 1978. p. 1-11 (BR7804772-AM)F00
650 _aProducao vegetal
650 _aSorgo granifero
650 _aRendimento
650 _aRio Grande do Sul
773 0 _tResultados de pesquisa com sorgo na regiao sudeste do Rio Grande do Sul
_wF00 BR7804772
_gPelotas, RS (Brasil), 1978. p. 1-11
909 _a202404
_bLucia
_c55
_dLucia Elande
942 _cAM
_2AGRIS
999 _c309231
_d309231